عبد الماجد دریابادی / (Record no. 174506)

MARC details
000 -LEADER
fixed length control field 00532nam a22001817a 4500
005 - DATE AND TIME OF LATEST TRANSACTION
control field 20200619104916.0
010 ## - LCCN (DPL NO)
LC control number A-941655
020 ## - INTERNATIONAL STANDARD BOOK NUMBER
International Standard Book Number 8126004592
Terms of availability 25.00
035 ## - SYSTEM CONTROL NUMBER
System control number A-941655
037 ## - SOURCE OF ACQUISITION
Source of stock number/acquisition BPPD/Pub.
082 ## - DEWEY DECIMAL CLASSIFICATION NUMBER
Classification number 840.8
100 ## - MAIN ENTRY--PERSONAL NAME
Personal name سلیم قدواي
245 ## - TITLE STATEMENT
Title عبد الماجد دریابادی /
Statement of responsibility, etc سلیم قدواي
246 ## - VARYING FORM OF TITLE
Title proper/short title Abdul Majid Daryabadi /
Remainder of title by Saleem Kidwai
260 ## - PUBLICATION, DISTRIBUTION, ETC. (IMPRINT)
Place of publication, distribution, etc New Delhi
Name of publisher, distributor, etc Sahitya Akademy
Date of publication, distribution, etc ء1998
300 ## - PHYSICAL DESCRIPTION
Extent 98p.
Dimensions 20cm(Hb)
942 ## - ADDED ENTRY ELEMENTS (KOHA)
Source of classification or shelving scheme Dewey Decimal Classification
Item type Urdu Bks
Classification part 840.8
Call number suffix ع ب د
Holdings
Withdrawn status Lost status Not for loan Collection code Home library Current library Date acquired Source of acquisition Cost, normal purchase price Full call number Barcode Copy number Cost, replacement price Koha item type
      Non-fiction Central Library Central Library 19/06/2020 BPPD/Ven. 25.00 840.8 ع ب د A-941655 1 25.00 Urdu Bks

© Delhi Public Library
Hit Counter
free hit counter